Slovník bankovních & finančních služeb. Dl. IV.: Dodatky

Salvato in:
Dettagli Bibliografici
Autore principale: Rosenberg, Jerry M.
Altri autori: Rockefeller, David, 1915-2017 (Autore dell'introduzione etc.), Spanilý, Stanislav (Traduttore)
Natura: Libro
Lingua:ceco
inglese
Pubblicazione: Praha Victoria Publishing 1994
Edizione:1.
Soggetti:
Accesso online:Visualizza in OPAC
Tags: Aggiungi Tag
Nessun Tag, puoi essere il primo ad aggiungerne!!

MARC

LEADER 00000nam a2200000 a 4500
005 20260127134328.0
008 050808s1994 xr 000 0 cze
020 |a 8085605430 
035 |a vtls008211496 
035 |a SVKPOKN022975 
039 9 |a 201801111217  |b AUTHORITY  |c 200809221409  |d mschk03  |c 200508092038  |d VLOAD  |y 200508082222  |z VLOAD 
040 |a SVKPOKN  |b slo  |c SVKPOKN  |d SVKPO  |d STUSCHK1  |e AACR2 
041 0 |a cze  |h eng 
044 |a xr  |c CZ 
080 |a 336.71(03) 
100 1 |a Rosenberg, Jerry M. 
245 1 0 |a Slovník bankovních & finančních služeb. Dl. IV.: Dodatky  |c Jerry M. Rosenberg; David Rockefeller, Stanislav Spanilý 
250 |a 1. 
260 |a Praha  |b Victoria Publishing  |c 1994  |e Zlín  |f Zlínské tiskárny 
300 |a 132 str. 
653 |a Bankovníctvo-slovníky terminologické 
653 |a Služby finančné-slovníky terminologické 
653 |a Tlač  |a Odborný preklad 
655 7 |a slovníky  |2 svkpo 
700 1 |a Rockefeller, David,  |d 1915-2017  |4 aui  |9 43 
700 1 |a Spanilý, Stanislav  |4 trl  |9 496 
910 |a svkponkat 
910 |a SCHK95 
919 |a 80-85605-43-0 
999 |c 10001  |d 10001